| 000 | 00659nam a2200205Ia 4500 | ||
|---|---|---|---|
| 003 | IN-BaIIA | ||
| 008 | 211028s9999 xx 000 0 eng d | ||
| 020 | _a0-12-003817-X | ||
| 040 | _cIIA Library | ||
| 080 |
_a047.1:539.18 _bADV-17 |
||
| 245 | 0 |
_aAdvances in atomic and molecular physics _bvol. 17 _cedited by D. Bates and Benjamin Bederson |
|
| 260 |
_aNew York _bAcademic Press _c1981 |
||
| 300 | _ax, 433p. | ||
| 650 |
_aAtomic physics _91547 |
||
| 650 |
_aMolecular Physics _91914 |
||
| 650 | _aNASA Thesaurus | ||
| 700 |
_aBates, D., ed. _913157 |
||
| 700 |
_aBederson, Benjamin, ed. _913158 |
||
| 942 | _cBK | ||
| 999 |
_c7794 _d7794 |
||